Κατάλογος Βιβλιοθηκών Mediterranean College

Management and Organizational Behavior (Record no. 5051)

MARC details
000 -LEADER
fixed length control field 02419cam a22002294a 4500
005 - ΗΜΕΡΟΜΗΝΙΑ ΚΑΙ ΩΡΑ ΤΕΛΕΥΤΑΙΑΣ ΕΝΗΜΕΡΩΣΗΣ
Πεδίο ελέγχου 20250605164203.0
008 - FIXED-LENGTH DATA ELEMENTS--GENERAL INFORMATION
Πεδίο ελέγχου σταθερού μήκους 250528s ||||||||||||||||||||||||d
035 ## - SYSTEM CONTROL NUMBER
System control number 19802
020 ## - ISBN
ISBN 205120563
040 ## - ΠΗΓΗ ΚΑΤΑΛΟΓΟΓΡΑΦΗΣΗΣ
Φορέας πρωτότυπης καταλογογράφησης MC Athens Campus Library
Γλώσσα καταλογογράφησης Ελληνικά, Μοντέρνα (1453-)
Modifying agency MC Athens Campus Library
Κανόνες περιγραφικής καταλογογράφησης AACR2
245 1# - ΤΙΤΛΟΣ ΚΑΙ ΔΗΛΩΣΗ ΥΠΕΥΘΥΝΟΤΗΤΑΣ
Τίτλος Management and Organizational Behavior
260 ## - PUBLICATION, DISTRIBUTION, ETC.
Name of publisher, distributor, etc. Εκδοτικές Επιχειρήσεις "Το Οικονομικό",
Date of publication, distribution, etc. 1990
300 ## - PHYSICAL DESCRIPTION
Extent 754
505 0# - FORMATTED CONTENTS NOTE
Formatted contents note Introduction, Management and Organizational Behavior: An Overview, History of Management and Organizational Behavior, The Manager's Environment, Social Responsibility and Business Ethics, The Management Process, The Planning Process, Strategic Planning, Managerial Decision Making, The Organizing Process, Organizing Structure, Staffing the Organization, The Controlling Process, Controlling Techniques, Communication and the Influencing Process, Management and Individual Behavior, Understanding Perception and Attribution and Learning, Motivation, Individual Differences and Development and Stress, Management and Group Behavior, Group Performance and Intergroup Behavior and Conflict, Leadership, Power and Organizational Politics, Management and Behavior at the Organizational Level, Corporate Culture and Change and Development, Managing the Multinational Enterprise, Management Information Systems.
520 ## - SUMMARY, ETC.
Summary, etc. Introduction, Management and Organizational Behavior: An Overview, History of Management and Organizational Behavior, The Manager's Environment, Social Responsibility and Business Ethics, The Management Process, The Planning Process, Strategic Planning, Managerial Decision Making, The Organizing Process, Organizing Structure, Staffing the Organization, The Controlling Process, Controlling Techniques, Communication and the Influencing Process, Management and Individual Behavior, Understanding Perception and Attribution and Learning, Motivation, Individual Differences and Development and Stress, Management and Group Behavior, Group Performance and Intergroup Behavior and Conflict, Leadership, Power and Organizational Politics, Management and Behavior at the Organizational Level, Corporate Culture and Change and Development, Managing the Multinational Enterprise, Management Information Systems.
700 1# - ΠΡΟΣΘΕΤΗ ΑΝΑΓΡΑΦΗ--ΦΥΣΙΚΟ ΠΡΟΣΩΠΟ
Personal name Mondy Wayne R
9 (RLIN) 941
700 1# - ΠΡΟΣΘΕΤΗ ΑΝΑΓΡΑΦΗ--ΦΥΣΙΚΟ ΠΡΟΣΩΠΟ
Personal name Premeaux R. Shane
9 (RLIN) 942
700 1# - ΠΡΟΣΘΕΤΗ ΑΝΑΓΡΑΦΗ--ΦΥΣΙΚΟ ΠΡΟΣΩΠΟ
Personal name Sharplin Arhtur
9 (RLIN) 5987
942 ## - ADDED ENTRY ELEMENTS (KOHA)
Koha item type Books
Holdings
Τύπος τεκμηρίου Βιβλιοθήκη Τρέχουσα τοποθεσία Barcode Αριθμός εισαγωγής Ημερομηνία απόκτησης Ταξιθετικό σύμβολο Αριθμός αντιτύπου Κατάσταση απόσυρσης Κατάσταση χαμένου Κατάσταση κατεστραμμένου Μη δανεισμός Σύνολο δανεισμών Ημερομηνία τελευταίας εμφάνισης Η τιμή ισχύει από
Books MC Athens Campus Library MC Athens Campus Library 9780000050502 5898 05/06/2025 658.4 MON 1           05/06/2025 05/06/2025

MC Athens Campus Library
Πατησίων 94 & Κοδριγκτώνος 13, 104 34
Πελλήνης 8 & Πατησίων 107, 112 51
Τ: +30 210 8899600

MC Thessaloniki Campus Library
Ίωνος Δραγούμη 21, 54625 | Ίωνος Δραγούμη 15, 54625
Τ: +30 2310 287779 – Τ: +30 2314 440300